• 首页
  • 本馆介绍
  • 公告通知
  • 最新文献
  • 馆藏检索
  • 电子资源
  • 读者导购
  • 参考咨询
  • 我的图书馆
  • 登录
  • 期刊详细显示
  • 现刊情况显示
  • 合订本情况显示
  • 篇目信息显示

期刊信息

  • 表格格式
  • 工作单格式
  • 卡片格式
索取号 
C5/NJSH
题名 
内江师专学报
作者 
分册号 
分册名 
出版地 
内江(四川)
出版者 
该刊编辑部
标准刊号 
出版频率 
季刊
中图法分类 
G65 C
主题词 
社会科学 丛书; 社会科学 文集; 社会科学 连续出版物
电子资源 
000 01224nas022200361 45
001 1196061558
005 20070417110827.28
011    @d¥1.00(1990)
021    @aCN@b四川016(内)
100    @a19930616a19869999m y0chiy0121 eb
101 0  @achi
102    @aCN@b510000
110    @aahaz 0yu0
200 1  @a内江师专学报@ANEI JIANG SHI ZHUAN XUE BAO@i社会科学版@ISHE HUI KE XUE BAN@dSocial sciences journal of Neijiang Teachers College@zeng
207  0 @a1986,no.1(1986,9)=[总1];1987,no·1(1987)~=总2~
210    @a内江(四川)@c该刊编辑部@d1986~
215    @d26cm
300    @a从1990年起与自然科学版合为季刊,no.1与no.3为社会科学版
300    @a内部发行
326    @a季刊@b1990~
326    @a半年刊@b1986~89
510 1  @aSocial sciences journal of Neijiang Teachers College@zeng
540 1  @a内江 师专 学报 社会科学@ANEI JIANG SHI ZHUAN XUE BAO SHE HUI KE XUE
606 0  @a社会科学@x丛书
606 0  @a社会科学@x文集
606 0  @a社会科学@x连续出版物
690    @aG65 C@v3
690    @aC5@v4
695    @a300
701  0 @a陈应祥@ACHEN YING XIANG@4主编
711 02 @a内江师范专科学校@ANEI JIANG SHI FAN ZHUAN KE XUE XIAO@4主办
801  0 @aCN@bPFT@c20070417
905    @a1@cQ@dC5@eNJSH
    
    内江师专学报.社会科学版=Social sciences journal of Neijiang Teachers College.-1986,no.1(1986,9)=[总1];1987,no·1(1987)~=总2~.-内江(四川):该刊编辑部,1986~
    26cm
    从1990年起与自然科学版合为季刊,no.1与no.3为社会科学版.-内部发行
    
    ¥1.00(1990)
    
●
相关链接: 在易读查询期刊 在中国知网中查询期刊 在万方数据查询期刊 在维普查询期刊
唐山师范学院图书馆 欢迎您!
大连网信软件有限公司© 版权所有